000
00418nam a2200133Ia 4500
008
151001s9999||||xx |||||||||||||| ||und||
100
_a
रा के लेले
245
_a
मराठी वृत्तपत्रांचा इतिहास
250
_a
1
260
_b
कॉन्टिनेन्टल प्रका. पुणे
260
_c
1984
300
_a
1165
365
_b
22
999
_c
971499
_d
971496